Historical drama.

Bibliographic Details
Format: Book
Language:English
Published: Cambridge ; New York : Cambridge University Press, 1986.
Series:Themes in drama ; 8.
Subjects:

MARC

Tag First Indicator Second Indicator Subfields
LEADER 00000cam a2200000 a 4500
001 in00000008133
005 20151002070146.0
008 860703s1986 enka b 00100 eng
010 |a  86180060  
035 |a (OCoLC)14240011 
035 |9 AAA0491AM 
040 |a DLC  |c DLC  |d OCL  |d TXA  |d UtOrBLW 
050 0 0 |a PN1601  |b .T53 no. 8  |a PN1872 
050 4 |a PN1872  |b .H5 1986 
082 0 |a 809.2/514  |2 19 
245 0 0 |a Historical drama. 
264 1 |a Cambridge ;  |a New York :  |b Cambridge University Press,  |c 1986. 
300 |a vi, 251 pages :  |b illustrations ;  |c 24 cm. 
336 |a text  |b txt  |2 rdacontent 
337 |a unmediated  |b n  |2 rdamedia 
338 |a volume  |b nc  |2 rdacarrier 
490 1 |a Themes in drama,  |x 0263-676X ;  |v 8 
504 |a Includes bibliographies and index. 
650 0 |a Historical drama  |x History and criticism. 
650 0 |a Drama  |x History and criticism. 
650 0 |a History in literature. 
650 0 |a Literature and history. 
830 0 |a Themes in drama ;  |v 8. 
999 |a MARS 
999 f f |s c66d4b74-fffc-3066-963d-a8c1c6e97bdf  |i d6fda040-0db7-3239-8101-79333627f0aa  |t 0 
952 f f |p ric  |a Texas A&M University  |b Rellis Campus  |c Joint Library Facility  |d Remote Storage  |t 0  |e PN1872 .H5 1986  |h Library of Congress classification  |i unmediated -- volume  |m A14812570822 
998 f f |a PN1872 .H5 1986  |t 0  |l Remote Storage